Citations Hazbin Hotel - Trouver les personnages - Statistiques

Statistiques générales
  • Ce quiz a été pris 457 fois
  • Le résultat moyen est 9 sur 11
Statistiques - réponses
Citations Personnages % Correct
"Ma chère, si je voulais blesser quelqu'un ici ce serait déjà chose faite" Alastor
98%
"Nom d'une pipe! Ma drogue... FAIT CHIER!" Angel Dust
98%
"Quoi? Tu pense que tu peux m'acheter avec une putain de gnole au rabais? Bah t'as raison!" Husk
94%
"Par les poils de ma bite qui s'défrisent. Non, mais, je vois c'que j'vois ou c'est un cauchemar ?" Adam
90%
"Il va falloir que j'use de mon incroyable talent d'improvisation." Charlie
90%
"Ouais, bah j'ai pas confiance." / "T'as pigé? Un pas de plus et t'es mort!" Vaggie
89%
"On dirait qu'ils ont mis en place un bouclier, chef !" Lute
84%
"Pourquoi y a que des femmes? Y'a pas d'hommes ici!" Niffty
82%
"Pardon? Qui a dit ça?! Qu'est-ce que vous avez dit espèce de poussins fripannés! Parlez!" Sir Pentious
82%
"Elle est casse bonbec, mais si vous lui plaisez, tous les autres vous mang'rons dans la main. Vous êtes prêtes ?" Rosie
70%
"Ca te dirait pas de dégager ton putain de MERDIER VOLANT de mon territoire avant que je ne l'écrase...plus" Cherry Bomb
58%
Aucun quiz correspondant
Distribution des résultats
% des personnes avec chaque résultat
Percentile par nombre de réponses
Votre historique - résultats
Vous n’avez pas pris ce quiz